000 00573nam a22002057a 4500
999 _c31890
_d31890
003 OSt
005 20250422122822.0
008 250422b ||||| |||| 00| 0 eng d
020 _a8120818199
_cRs 125.00
040 _cimukc
041 _aeng
082 _a510.151
_bG5661
100 _95845
_aGlover, J. T.
245 _aVedic mathematics for schools. Book 3 /
_cJames T. Glover
250 _a1st ed.
260 _aDelhi :
_bMotilal Banarsidass Publishers Private Limited,
_c2002.
300 _a240 p. :
_bill. ;
_c22 cm
650 0 _931
_aMathematics
942 _2ddc
_cBK